CHIHIRO - Billie Eilish - Statistiques

Statistiques générales
  • Ce quiz a été pris 348 fois
    233 depuis la dernière actualisation
  • Le résultat moyen est 264 sur 349
Statistiques - réponses
Réponse % Correct
I
100%
i
100%
"I
100%
a
99%
you
98%
You
98%
my
95%
My
95%
the
95%
Do
94%
love
94%
away
92%
away?
92%
know
92%
can
91%
door,
91%
door?
91%
"No,
91%
No,
91%
Open
91%
open
91%
To
91%
to
91%
up
91%
take
90%
for
89%
say?
89%
say
89%
be
88%
me
88%
me?
88%
Me
88%
Said
88%
said
88%
Said,
88%
said,
88%
before
86%
Not
86%
not
86%
today,
86%
When
86%
when
86%
tomorrow
85%
what
85%
From
84%
was
82%
Did
81%
around,
80%
come
80%
don't,
80%
don't
80%
Don't
80%
feel
80%
in
79%
it
79%
maybe
79%
any
78%
can't
76%
forget
76%
more
76%
name
76%
back
74%
strange,
74%
sorrow
73%
told
73%
feelin'
71%
won't
71%
your
71%
that
70%
that"
70%
with
69%
all
68%
And
68%
borrow
68%
(borrow)
68%
sure,
67%
at
66%
it's
66%
cope
65%
could
65%
Kinda
65%
will
65%
change,
63%
store
63%
but
60%
But
60%
face
60%
garden
57%
wasn't
57%
war,
56%
why
55%
hope
54%
were
54%
Were
54%
what's
54%
you'd
54%
show
53%
too?
53%
turn
52%
called
50%
of
50%
serious
50%
serious?
50%
serious,
50%
found
48%
got
48%
waitin'
48%
now,
46%
Now
46%
Saw
46%
part
45%
that's
45%
pardon
44%
alone
43%
I'm
43%
beg
42%
break"
41%
Contemplatin',
41%
How
41%
need
41%
takin'
41%
looked
40%
there's
40%
They
39%
they
39%
gone
38%
recognizes
38%
curious
36%
lap
33%
trap
32%
been
31%
counter
31%
if
30%
hands
29%
you'll
29%
seat
28%
tell
28%
Tell
28%
Hm
27%
hm
27%
returned,
27%
make
26%
only
26%
Wringing
22%
(yup)
21%
Aucun quiz correspondant
Distribution des résultats
% des personnes avec chaque résultat
Percentile par nombre de réponses
Votre historique - résultats
Vous n’avez pas pris ce quiz depuis la dernière actualisation